| 000 | 00462nam a2200157 a 4500 | ||
|---|---|---|---|
| 001 | 000021842 | ||
| 005 | 20200930011454.0 | ||
| 008 | 100913s1972 dr 000 0 spa d | ||
| 040 |
_aDO-SdBNP _bspa _cBNPHU |
||
| 082 |
_axxx _bM385f |
||
| 100 | 1 |
_aMartínez, Julio César _91263 |
|
| 245 | 1 | 0 |
_a¿Fue necesaria la revolución de abril? / _cJulio César Martínez. |
| 260 |
_aSanto Domingo : _bRenovación, _c1972. |
||
| 300 |
_axxxii p. ; _c23 cm. |
||
| 049 | _aBNPD | ||
| 999 |
_c21340 _d21340 |
||